Information technology for management (Record no. 18975)
[ view plain ]
| 000 -LEADER | |
|---|---|
| fixed length control field | 00363nam a2200157Ia 4500 |
| 082 ## - DEWEY DECIMAL CLASSIFICATION NUMBER | |
| Classification number | 5.74 |
| Item number | MUT |
| 100 ## - MAIN ENTRY--PERSONAL NAME | |
| Personal name | Muthukumaran/B |
| 245 ## - TITLE STATEMENT | |
| Title | Information technology for management |
| 260 ## - PUBLICATION, DISTRIBUTION, ETC. | |
| Name of publisher, distributor, etc. | Oxford |
| Date of publication, distribution, etc. | 2010 |
| 366 ## - TRADE AVAILABILITY INFORMATION | |
| Publishers's discount category | 25 |
| 300 ## - PHYSICAL DESCRIPTION | |
| Extent | 680 |
| 546 ## - LANGUAGE NOTE | |
| Language note | ENGLISH |
| -- | electronics |
| 650 ## - SUBJECT ADDED ENTRY--TOPICAL TERM | |
| Topical term or geographic name entry element | information technology for management |
| 942 ## - ADDED ENTRY ELEMENTS (KOHA) | |
| Koha item type | BOOK |
| Withdrawn status | Lost status | Damaged status | Not for loan | Collection | Home library | Current library | Date acquired | Source of acquisition | Cost, normal purchase price | Inventory number | Total Checkouts | Full call number | Barcode | Date last seen | Cost, replacement price | Price effective from | Koha item type |
|---|---|---|---|---|---|---|---|---|---|---|---|---|---|---|---|---|---|
| CRC | Fr. Agnel's C.Rodrigues College of Engineering | Fr. Agnel's C.Rodrigues College of Engineering | 17/03/2023 | Allied Publishers | 311.25 | 1521 dt 16.02.2015 | 5.74 MUT | 23627 | 17/03/2023 | 415.00 | BOOK | ||||||
| CRC | Fr. Agnel's C.Rodrigues College of Engineering | Fr. Agnel's C.Rodrigues College of Engineering | 17/03/2023 | Allied Publishers | 311.25 | 1521 dt 16.02.2015 | 5.74 MUT | 23628 | 17/03/2023 | 415.00 | BOOK | ||||||
| CRC | Fr. Agnel's C.Rodrigues College of Engineering | Fr. Agnel's C.Rodrigues College of Engineering | 17/03/2023 | Allied Publishers | 311.25 | 1521 dt 16.02.2015 | 5.74 MUT | 23629 | 17/03/2023 | 415.00 | BOOK | ||||||
| CRC | Fr. Agnel's C.Rodrigues College of Engineering | Fr. Agnel's C.Rodrigues College of Engineering | 17/03/2023 | Allied Publishers | 311.25 | 1521 dt 16.02.2015 | 5.74 MUT | 23630 | 17/03/2023 | 415.00 | BOOK | ||||||
| CRC | Fr. Agnel's C.Rodrigues College of Engineering | Fr. Agnel's C.Rodrigues College of Engineering | 17/03/2023 | Allied Publishers | 311.25 | 215 dt 14.05.2015 | 5.74 MUT | 23644 | 17/03/2023 | 415.00 | BOOK | ||||||
| CRC | Fr. Agnel's C.Rodrigues College of Engineering | Fr. Agnel's C.Rodrigues College of Engineering | 17/03/2023 | Allied Publishers | 311.25 | 215 dt 14.05.2015 | 5.74 MUT | 23645 | 17/03/2023 | 415.00 | BOOK | ||||||
| CRC | Fr. Agnel's C.Rodrigues College of Engineering | Fr. Agnel's C.Rodrigues College of Engineering | 17/03/2023 | Allied Publishers | 311.25 | 215 dt 14.05.2015 | 5.74 MUT | 23646 | 17/03/2023 | 415.00 | BOOK | ||||||
| CRC | Fr. Agnel's C.Rodrigues College of Engineering | Fr. Agnel's C.Rodrigues College of Engineering | 17/03/2023 | Allied Publishers | 311.25 | 215 dt 14.05.2015 | 5.74 MUT | 23647 | 17/03/2023 | 415.00 | BOOK | ||||||
| CRC | Fr. Agnel's C.Rodrigues College of Engineering | Fr. Agnel's C.Rodrigues College of Engineering | 17/03/2023 | Allied Publishers | 311.25 | 215 dt 14.05.2015 | 5.74 MUT | 23648 | 17/03/2023 | 415.00 | BOOK |